00574cam a22001932 4500001001100000005001700011008004100028020001700069040001500086100003500101245004700136250001300183260004400196300001900240650004200259650004900301700002700350852000300377000002524820151217145955.0150330s xx 000 0 eng d a9350286807 : aKABUcKABU1 aShastri, Satish C.@000018574510aEnvironmental law /cby Satish C. Shastri. a4th ed. aLucknow :bEastern Book Company,c2012. axlvii, 552 p. 0aEnvironmental lawzIndia.@0000185746 0aEnvironmental protectionzIndia.@00001857471 aDave, V.s.@00001857481